000 01063nam0a22003011 4500
001 rc\213756
005 20260406090029.0
010 _a5-88929-045-2
_91000
035 _a(NLR Aleph) 005462975
090 _a4973299
_c4973299
100 _a20030307d1997 |||y0rusy50 ca
101 0 _arus
102 _aRU
105 _aa |||||||||
200 1 _aИстория математики без границ
_e[Науч. переписка]
210 _aМ.
_cЯнус-К
_d1997
215 _a310 с., [6] л. ил.
_cпортр., факс.
_d21
225 1 _aИсторики науки России XX века
320 _aБиблиогр. в примеч.: с. 219-280
320 _aИмен. указ.: с. 302-310
700 1 _4070
_7ca
_8rus
_aЮшкевич
_bА. П.
_cд-р физ.-мат. наук
_f1906-1993
_gАдольф Павлович
_3RU\NLR\AUTH\770280587
_92652554
701 1 _aФогель
_bК.
_gКурт
801 0 _aRU
_bNLR
_gpsbo
801 1 _aRU
_bELAR
_2rusmarc
852 _aNLR
_j97-3/9868
942 _cBOOK
980 _aNB